Matemática 9 : cuaderno de trabajao nº 3 /
Guardado en:
| Otros Autores: | |
|---|---|
| Formato: | Libro |
| Publicado: |
Buenos Aires :
Dirección General de Cultura y Educación,
2006
|
| Materias: | |
| Etiquetas: |
Agregar Etiqueta
Sin Etiquetas, Sea el primero en etiquetar este registro!
|
| LEADER | 01352nam a22002535a 4500 | ||
|---|---|---|---|
| 001 | CEM.cems017699 | ||
| 005 | 20121211100629.0 | ||
| 008 | 130507s2006##################000#0#####d | ||
| 003 | CEMS | ||
| 020 | |a 16699211 | ||
| 082 | 0 | 4 | |a 510 |
| 245 | 0 | 0 | |a Matemática 9 : |b cuaderno de trabajao nº 3 / |c Editora Responsable Adriana Puiggrós |
| 260 | |a Buenos Aires : |b Dirección General de Cultura y Educación, |c 2006 | ||
| 300 | |a 226 p. | ||
| 505 | 0 | |a Operaciones directas -- Adición -- Multiplicación -- Potenciación -- Propiedades de las operaciones -- Transformaciones geométricas -- Congruencia -- Semejanza -- Las operaciones inversas -- Ecuaciones en las operaciones directas -- La resta y la división como operaciones inversas -- Las operaciones inversas de la potenciación -- Operaciones combinadas | |
| 653 | |a Matemática | ||
| 653 | |a Matemática-9 esb | ||
| 700 | 1 | |a Puiggrós, Adriana | |
| 859 | |a CEMS |b BIB. CEMS - Agricultura |h 510 |i B862 |p A1444.11 |t Ej.1 |v 9 |3 9 | ||
| 859 | |a CEMS |b BIB. CEMS - Agricultura |h 510 |i B862 |p A1445.11 |t Ej.2 |v 9 |3 9 | ||
| 859 | |a CEMS |b BIB. CEMS - Agricultura |h 510 |i B862 |p A1746.12 |t Ej.3 |v 9 |3 9 | ||
| 859 | |a CEMS |b BIB. CEMS - Agricultura |h 510 |i B862 |p A1747.12 |t Ej.4 |v 9 |3 9 | ||
| 859 | |a CEMS |b BIB. CEMS - Agricultura |h 510 |i B862 |p A1748.12 |t Ej.5 |v 9 |3 9 | ||
| 859 | |a CEMS |b BIB. CEMS - Agricultura |h 510 |i B862 |p A1749.12 |t Ej.6 |v 9 |3 9 | ||
